| Registos Bibliográficos associados ao registo de autoridade |
|
Etiqueta de registo: 00254nam 2200025 450 001 2286039 003 http://id.bnportugal.gov.pt/bib/catbnp/2286039 100 ## $a20260508d2025 k y0pory01030103ba 101 0# $aeng 102 ## $aPT 105 ## $aa m 000yy 106 ## $ar 200 1# $a The Artificial Theorist$eidentifying concepts, ideas and patterns in the archaeological discourse of Iberian
Peninsula (20th-21st centuries) resorting to Artificial Intelligence and Machine Learning$fDaniel Martins da Silva Rodrigues de Carvalho$gorient. Mariana Teodósia Lemos Castelo Branco Diniz, Juan Antonio Barceló Alvarez 210 #9 $aLisboa$c[s.n.],$d2025 215 ## $a2 v.$cil.$d30 cm 328 #1 $aTese dout. Arqueologia e Pré-História, Faculdade de Letras, Universidade de Lisboa,
2025 675 ## $a902(46)"19/20"(043)$vBN$zpor$31999525 675 ## $a004.8(46)"19/20"(043)$vBN$zpor$31999526 700 #1 $aCarvalho,$bDaniel Martins da Silva Rodrigues de$31998013 702 #1 $aDinis,$bMariana Teodósia de Lemos Castelo Branco$4727$31738427 702 #1 $aBarceló Alvarez,$bJuan Antonio$4727$31998019 801 #0 $aPT$bBN$gRPC 966 ## $b001$d[V. 1]$lBN$mFGMON$sH.G. 89222 V.$x1 966 ## $d[V. 2]$eApêndices$lBN$mFGMON$sH.G. 89223 V.$x1 971 ## $cssilva$d20260508 972 ## $e0$z0$d20260617$vasantos 973 ## $ctrodrigues$d20260528 975 ## $e0$d20260622$viquintas
|
|
|